|
|
|
|
| LEADER |
00000nab a2200000 a 4500 |
| 001 |
vtls000556949 |
| 003 |
SK-MaSNL |
| 005 |
20260304092041.0 |
| 008 |
250425c1995 xo 0 slo |
| 015 |
|
|
|a SNBRB19rr/mm-uuuuu
|
| 035 |
|
|
|a CL0557087
|
| 035 |
|
|
|a urn:nbn:sk:snk-abebb
|
| 035 |
|
|
|a (urnnbn)urn:nbn:sk:snk:ar-a03f37
|
| 035 |
|
|
|a (uuid)42016b92-108f-4a49-876d-5be350f5fc5a
|
| 040 |
|
|
|a SNKBUCL
|b slo
|c SNKBUCL
|e AACR2
|
| 041 |
0 |
|
|a slo
|
| 044 |
|
|
|a xo
|c SK
|
| 080 |
|
|
|a 614.258(437.6+437.1/.2):613.2:061.22(437.6+437.1/.2)
|2 1981
|
| 080 |
|
|
|a 613.2:061.22(437.6+437.1/.2)
|2 1981
|
| 100 |
1 |
|
|a Janotová, Hana
|4 aut
|9 1385252
|
| 245 |
1 |
0 |
|a Fórum zdravej výživy
|c Hana Janotová
|
| 650 |
0 |
7 |
|a Fórum zdravej výživy
|2 snkbucl
|9 982416
|
| 655 |
|
7 |
|a články z novín a časopisov
|2 snkbucl
|9 267496
|
| 773 |
0 |
|
|t Bratislavské lekárske listy
|g Roč. 96, č. 7 (1995), s. 408
|x 0006-9248
|
| 850 |
|
|
|a Slovenská národná knižnica
|
| 852 |
|
|
|a Slovenská národná knižnica
|
| 954 |
|
|
|a odborná, vedecká literatúra pôvodná (slovenská)
|2 lita
|
| 958 |
|
|
|a article27
|
| 958 |
|
|
|a RK
|
| 958 |
|
|
|a MI
|
| 958 |
|
|
|a CZ
|
| 958 |
|
|
|a SK
|
| 958 |
|
|
|a OND
|
| 958 |
|
|
|a EUIPO
|
| 992 |
|
|
|a RBX
|
| 999 |
|
|
|c 2817876
|d 2819806
|